| 000 | 01447cam a2200337 a 4500 | ||
|---|---|---|---|
| 001 | 12917538 | ||
| 003 | CEME | ||
| 005 | 20210628201522.0 | ||
| 008 | 020905s2003 nyua b 001 0 eng | ||
| 010 | _a 2002513116 | ||
| 020 | _a0471152323 (alk. paper) | ||
| 040 |
_aDLC _cDLC _dDLC |
||
| 050 | 0 | 0 |
_aTJ265 _b.S66 2003 |
| 082 | 0 | 4 |
_a621.402/1 _221 |
| 100 | 1 |
_aSonntag, Richard Edwin. _941815 |
|
| 245 | 1 | 0 |
_aFundamentals of thermodynamics / _cRichard E. Sonntag, Claus Borgnakke, Gordon J. Van Wylen. |
| 246 | 3 | 0 | _aThermodynamics |
| 250 | _a6th ed. | ||
| 260 |
_aNew York : _bWiley, _cc2003. |
||
| 300 |
_axvii, 794 p. : _bill. (some col.) ; _c26 cm. + _e1 CD-ROM (4 3/4 in.) |
||
| 500 | _aFirst-4th eds. under title: Fundamentals of classical thermodynamics / Gordon J. Van Wylen. | ||
| 504 | _aIncludes bibliographical references (p. 773) and index. | ||
| 650 | 0 |
_aThermodynamics. _97134 |
|
| 700 | 1 |
_aBorgnakke, C. _q(Claus) _955619 |
|
| 700 | 1 |
_aVan Wylen, Gordon J. _q(Gordon John), _d1920- _955620 |
|
| 700 | 1 |
_aVan Wylen, Gordon J. _q(Gordon John), _d1920- _tFundamentals of classical thermodynamics. _955621 |
|
| 856 | 4 | 2 |
_3Publisher description _uhttp://www.loc.gov/catdir/description/wiley036/2002513116.html |
| 856 | 4 | 1 |
_3Table of contents _uhttp://www.loc.gov/catdir/toc/fy032/2002513116.html |
| 856 | 4 | 2 |
_3Contributor biographical information _uhttp://www.loc.gov/catdir/enhancements/fy0806/2002513116-b.html |
| 942 |
_2ddc _cBK |
||
| 999 |
_c566410 _d566410 |
||